| 000 | 00518nam a2200181 a 4500 | ||
|---|---|---|---|
| 001 | 000039967 | ||
| 005 | 20201002033834.0 | ||
| 008 | 130801s1972 sp a 000 0 spa d | ||
| 040 |
_aDO-SdBNP _bspa _cBNPHU |
||
| 082 | _axxx | ||
| 100 | 1 |
_aParramón, José Ma. _966184 |
|
| 245 | 1 | 0 |
_aAsí se pinta al óleo / _cJosé Ma. Parramón. |
| 250 | _a9a ed. | ||
| 260 |
_aBarcelona : _bInstituto Parramón, _c1972. |
||
| 300 |
_a130 p. : _bil. ; _c27 cm. |
||
| 490 | 1 | _aAprender haciendo | |
| 830 | 0 |
_aAprender haciendo _966185 |
|
| 999 |
_c39457 _d39457 |
||